ბათუმის შოთა რუსთაველის სახელმწიფო უნივერსიტეტის ბიბლიოთეკა

სამხრეთ-დასავლეთ საქართველო (ისტორია,არქეოლოგია,ეთნოლოგია)VI (ბიბ.ჩანაწერი № 51613)

000 -LEADER
fixed length control field 01540nam a2200241Ia 4500
001 - CONTROL NUMBER
control field 18604
003 - CONTROL NUMBER IDENTIFIER
control field GE_BSU
008 - FIXED-LENGTH DATA ELEMENTS--GENERAL INFORMATION
fixed length control field 181216s||||||||xx |||||||||||||| ||und||
040 ## - CATALOGING SOURCE
Transcribing agency GE_BSU
080 ## - UNIVERSAL DECIMAL CLASSIFICATION NUMBER
Universal Decimal Classification number 94(479.223)(063)
245 ## - TITLE STATEMENT
Title სამხრეთ-დასავლეთ საქართველო (ისტორია,არქეოლოგია,ეთნოლოგია)VI
245 ## - TITLE STATEMENT
Remainder of title საერთაშორისო სამეცნიერო კონფერენციის მასალები
245 ## - TITLE STATEMENT
Statement of responsibility, etc. სარედ.საბჭ:მაია ივანიშვილი,თამაზ ფუტკარაძე,რედ:ნარგიზ ბასილაძე და სხვ.
250 ## - EDITION STATEMENT
Edition statement აჭარის ავტონომიური რესპუბლიკის მთავრობის საქვეუწყებო დაწესებულება-საარქივო სამმართველო:Sub-department of Ajara Autonomous Republic Government-Archives Administration.
260 ## - PUBLICATION, DISTRIBUTION, ETC.
Place of publication, distribution, etc. თბილისი
260 ## - PUBLICATION, DISTRIBUTION, ETC.
Name of publisher, distributor, etc. უნივერსალი
260 ## - PUBLICATION, DISTRIBUTION, ETC.
Date of publication, distribution, etc. 2016
300 ## - PHYSICAL DESCRIPTION
Extent 357გვ.20სმ.
653 ## - INDEX TERM--UNCONTROLLED
Uncontrolled term ისტორია,არქეოლოგია,ეთნოლოგია
653 ## - INDEX TERM--UNCONTROLLED
Uncontrolled term საერთაშორისო კონფერენციის მასალები
653 ## - INDEX TERM--UNCONTROLLED
Uncontrolled term სამხრეთ-დასავლეთ საქართველო
942 ## - ADDED ENTRY ELEMENTS (KOHA)
Koha item type წიგნი
ეგზემპლარები
Withdrawn status Lost status Damaged status Not for loan Date acquired Barcode Date last seen Price effective from Koha item type
        2018-12-17 48134 2018-12-17 2018-12-17 წიგნი
        2018-12-17 48133 2018-12-17 2018-12-17 წიგნი